| 000 | 00380nam a2200145Ia 4500 | ||
|---|---|---|---|
| 008 | 230917s9999||||xx |||||||||||||| ||und|| | ||
| 040 |
_e76106 _aMAIN |
||
| 041 | _aEnglish | ||
| 082 | _a658.3 R835C | ||
| 100 | _aRudrabasavaraj, M N | ||
| 245 | 0 | _aCases in human resources management | |
| 260 |
_aBombay _bHimalaya Publishing House _c1986 |
||
| 300 | _aviii, 216 p. | ||
| 942 | _cBK | ||
| 999 |
_c59733 _d59733 |
||